| 000 | 00362nam a2200145Ia 4500 | ||
|---|---|---|---|
| 008 | 191201s2009 xx 000 0 und d | ||
| 082 |
_a658.07 _bBAC |
||
| 100 | _aBAPORIKAR, Neeta | ||
| 245 | 0 | _aCase Method: Cases in Management | |
| 250 | _a2nd Rev | ||
| 260 |
_aN.Delhi _bHimalaya Publication House _c2009 |
||
| 300 | _a323 | ||
| 650 | _aMBA | ||
| 942 |
_2ddc _cBK |
||
| 999 |
_c4274 _d4274 |
||